Zahraniční zadluženost Československa: minulost a vyhlídky.
80. roky sa vyznačovali prudkým nárastom medzinárodných tokov kapitálu. Charakteristika vývoja situácie ČSFR pokiaľ ide o získavanie zahraničných úverov vo vymeniteľných menách. Kumulatívne čerpanie dlhodobých úverov za roky 1985-1990 dosiahlo 8,0 mld. USD. Hodnotenie rizikovosti transfomujúcich sa...
Salvato in:
| Autore principale: | |
|---|---|
| Natura: | Capitolo di libro |
| Lingua: | ceco |
| Soggetti: | |
| Tags: |
Nessun Tag, puoi essere il primo ad aggiungerne!!
|
MARC
| LEADER | 00000naa a2200000 4500 | ||
|---|---|---|---|
| 001 | r008565 | ||
| 005 | 20220831090313.3 | ||
| 041 | 0 | |a cze | |
| 044 | |a [CS] | ||
| 245 | 1 | 0 | |a Zahraniční zadluženost Československa: minulost a vyhlídky. |c M. Helísek |
| 520 | |a 80. roky sa vyznačovali prudkým nárastom medzinárodných tokov kapitálu. Charakteristika vývoja situácie ČSFR pokiaľ ide o získavanie zahraničných úverov vo vymeniteľných menách. Kumulatívne čerpanie dlhodobých úverov za roky 1985-1990 dosiahlo 8,0 mld. USD. Hodnotenie rizikovosti transfomujúcich sa ekonomík. Vývoj v r. 1991. Pokles úverovej bonity ČSFR v priebehu roka 1991 a v r. 1992. | ||
| 610 | 2 | 0 | |a zadlženosť zahraničná |
| 610 | 2 | 0 | |a ČSFR |
| 610 | 2 | 0 | |a 1985-1992 |
| 610 | 2 | 0 | |a pohyb kapitálu |
| 610 | 2 | 0 | |a úver zahraničný |
| 100 | 1 | |a Helísek, Mojmír | |